000 00671nam a2200229 4500
008 s1996 fr fre u
020 _a2862390712
020 _a9782862390710
040 _aLB-BrCRDP
082 1 _a373 MAT
_bDUB
100 1 _aDubut, Annie
245 1 0 _aDes activités pour lire et écrire en mathématiques
_cAnnie Dubut , Brigitte Poulain
260 _aParis
_bI.R.E.M Rouen
_c1996
300 _a57 p.
_c30 cm
500 _aSommaire, bibliographie.
650 4 _aMathématiques
650 4 _aLire - Ecrire
650 4 _aActivités
700 1 _aPoulain, Brigitte
942 _cBK
999 _c3100
_d3100